Regla y testamento del seráfico Padre San Francisco y constituciones de los frailes menores capuchinos

Saved in:
Bibliografiske detaljer
Format: Bog
Sprog:spansk
Udgivet: Barcelona Imprenta Altés 1927
Fag:
Tags: Tilføj Tag
Ingen Tags, Vær først til at tagge denne postø!

MARC

LEADER 00000cam a2200000 a 4500
001 UCD1052
003 CL-VaPUC
008 151231e19270000sp |||||||||||||||||spa|d
082 0 4 |a 248.8  |b REG  |2 21 
245 1 0 |a Regla y testamento del seráfico Padre San Francisco y constituciones de los frailes menores capuchinos 
300 |a 183 p 
942 |c BK 
945 |d 20151231 00:35:00  |a gsalatino 
260 |a Barcelona  |b Imprenta Altés  |c 1927 
650 7 |a FRAILES  |2 CL-VaPUC  |9 584135 
650 7 |a CAPUCHINOS  |2 CL-VaPUC  |9 404279 
650 0 |a Franciscanos   |9 267404 
650 7 |a CONSTITUCIONES RELIGIOSAS  |2 CL-VaPUC  |9 518021 
583 |a last modification  |c 20151231 00:35:00  |k Rodrigo Vera 
999 |c 362482  |d 362480 
952 |0 0  |1 0  |3 erb  |4 0  |6 248_800000000000000_REG_1927  |7 0  |8 P  |9 473760  |a BIBTEO  |b BIBTES  |c TEO_FTES  |i 5275806  |o 248.8 REG 1927  |p 5275806  |r 2024-01-18  |w 2019-11-24  |y BK  |z Catalogado en:20151231  |k ICR